Tuyển tập các mẫu diễn văn khai mạc, bế mạc hội nghị và những bài phát biểu quan trọng thường dùng trong cơ quan, đơn vị hành chính sự nghiệp - doanh nghiệp

Uloženo v:
Podrobná bibliografie
Hlavní autor: Tài, Thành (Sưu tầm, tuyển chọn)
Další autoři: Vũ, Thanh (Sưu tầm, tuyển chọn)
Médium: Kniha
Jazyk:Vietnamese
Vydáno: Hà Nội Dân Trí 2014
Témata:
Tagy: Přidat tag
Žádné tagy, Buďte první, kdo otaguje tento záznam!
Thư viện lưu trữ: Trung tâm Học liệu Lê Vũ Hùng, Trường Đại học Đồng Tháp
LEADER 01132aam a22002898a 4500
001 00034938
005 20171026081025.0
008 161107s2014 ||||||viesd
020 |c 335000 
041 0 # |a vie 
082 1 4 |a 344.597  |b T527T 
100 1 # |a Tài, Thành  |e Sưu tầm, tuyển chọn 
245 1 0 |c Tài Thành, Vũ Thanh (sưu tầm, tuyển chọn)  |a Tuyển tập các mẫu diễn văn khai mạc, bế mạc hội nghị và những bài phát biểu quan trọng thường dùng trong cơ quan, đơn vị hành chính sự nghiệp - doanh nghiệp 
260 # # |a Hà Nội  |b Dân Trí  |c 2014 
300 # # |a 431 tr.  |c 28 cm. 
653 # # |a Doanh nghiệp 
653 # # |a Văn bản 
653 # # |a Pháp luật 
653 # # |a Hướng dẫn 
653 # # |a Hành chính sự nghiệp 
700 1 # |a Vũ, Thanh  |e Sưu tầm, tuyển chọn 
852 # # |j KM.0019935 
852 # # |b Kho mượn  |j KM.0019935 
910 |d 07/11/2016 
980 # # |a Trung tâm Học liệu Lê Vũ Hùng, Trường Đại học Đồng Tháp